Sports Quiz

Random Sports or Cricket Quiz

Multiple Choice Sports Slideshow Quiz Stats

 Plays Quiz Updated Oct 27, 2015

Score 0/25 Timer 06:00
11 Plays Today
% Correct
Kevin Durant is Number 4
90%
Floyd Mayweather, Jr. is Number 3
87.1%
John Elway is Number 1
76.4%
Bubba Watson is Number 4
73.3%
Prince Fielder is Number 3
73%
Luis Suárez is Number 3
72.6%
Alexander Ovechkin is Number 1
67.5%
Jimmie Johnson is Number 4
53.2%
Victoria Azarenka is Number 1
51.8%
Nadia Comăneci is Number 4
51.1%
Ian Thorpe is Number 2
47.7%
Eddy Merckx is Number 2
46.9%
Dale Steyn is Number 2
39.6%
% Correct
Alberto Tomba is Number 4
38.8%
Valentino Rossi is Number 2
37.8%
Kim Yuna is Number 1
36.2%
Pierre-Luc Gagnon is Number 3
36.1%
Ronnie O'Sullivan is Number 4
33.6%
Gary Ablett, Jr. is Number 2
31.9%
Dan Carter is Number 3
31.5%
Ato Boldon is Number 1
31.3%
Jenson Button is Number 1
29.7%
Kenenisa Bekele is Number 3
27.1%
Johnathan Thurston is Number 4
24%
Kotoōshū is Number 3
19.1%

You're not logged in!

Compare scores with friends on all Sporcle quizzes.
OR
Log In

Show Comments

Extras

Top Quizzes Today


Score Distribution

Your Account Isn't Verified!

In order to create a playlist on Sporcle, you need to verify the email address you used during registration. Go to your Sporcle Settings to finish the process.

Report this User

Report this user for behavior that violates our Community Guidelines.

Details: